| 000 | 01217nac a22002531u 4500 | ||
|---|---|---|---|
| 008 | 100914t xxu||||| |||| 00| 0 eng d | ||
| 010 | _a 2002073403 | ||
| 020 | _a0824708008 (alk. paper) | ||
| 082 | 0 | 0 |
_a630.72 _bUSI |
| 100 |
_aHutchinson, Barbara S. _919104 |
||
| 245 | 0 | 0 |
_aUsing the Agricultural, Environmental, and Food Literature / _cedited by Barbara S. Hutchinson, Antoinette Paris Greider |
| 260 |
_aNew York : _bMarcel Dekker, _cc2002. |
||
| 300 |
_ax, 533 p. ; _c24 cm. |
||
| 440 | 0 |
_aBooks in library and information science ; _vv. 61 _919105 |
|
| 504 | _aIncludes bibliographical references and index. | ||
| 650 | 0 |
_aAgricultural literature. _919106 |
|
| 650 | 0 |
_aEnvironmental literature. _919107 |
|
| 700 | 1 |
_aHutchinson, Barbara S. _c1950- _919102 |
|
| 700 | 1 |
_aGreider, Antoinette Paris _c1950- _919103 |
|
| 856 | 4 | 1 |
_3Table of contents only _uhttp://www.loc.gov/catdir/toc/fy037/2002073403.html |
| 856 | 4 | 1 |
_3Publisher description _uhttp://www.loc.gov/catdir/enhancements/fy0647/2002073403-d.html |
| 942 |
_cBB _k630.72USI _2ddc |
||
| 999 |
_c4202 _d4202 |
||